Catalog

Record Details

Catalog Search



Life cycle of a chicken : Life cycles on the farm Cover Image Book Book

Life cycle of a chicken : Life cycles on the farm/ by Noah Leatherland.

Summary:

"Chickens start their lives growing inside eggs. The chicks hatch and soon grow into adults. Farmers raise these animals for many reasons. Follow the life cycle journey of chickens on the farm. Cute pictures of baby animals and fun illustrations make learning about growing up on the farm fun!"-- Provided by publisher.

Record details

  • ISBN: 9798889169581
  • ISBN: 9798892324861
  • Physical Description: 24 pages : color illustrations ; 24 cm.
  • Publisher: Minneapolis, Minnesota : Bearport Publishing Company, [2025]

Content descriptions

General Note:
Includes index.
Formatted Contents Note:
What is a life cycle? -- Chickens on the farm -- Laying eggs -- Inside the egg -- Time to hatch -- Chirping chicks -- Juveniles -- All grown up -- The end of life -- Life cycle of a chicken -- Glossary.
Target Audience Note:
Ages 7-8 Bearport Publishing Company.
Subject: Chickens > Juvenile literature.
Chickens > Life cycles > Juvenile literature.
Eggs
Animals
Genre: Juvenile works
Nonfiction
Science

Available copies

  • 0 of 1 copy available at scottsboropl.

Holds

  • 0 current holds with 1 total copy.
Show Only Available Copies
Location Call Number / Copy Notes Barcode Shelving Location Status Due Date
scottsboropl E 599.76 Lea 32269001273047 Juvenile - New Checked out 04/13/2026

LDR 02295cam a2200481 i 4500
001165421
003SBPL
00520250306105346.0
008240109s2025 mnua j 001 0 eng
010 . ‡a 2023059633
020 . ‡a9798889169581 ‡q(hardcover)
020 . ‡a9798892324861 ‡q(paperback)
035 . ‡a(OCoLC)1419281388
05000. ‡aSF487.5 ‡b.L43 2025
08200. ‡a636.5 ‡223/eng/20240129
1001 . ‡aLeatherland, Noah, ‡d1999-: ‡eauthor.
24510. ‡aLife cycle of a chicken : ‡bLife cycles on the farm/ ‡cby Noah Leatherland.
246 0. ‡aHens
246 0. ‡aRooster
246 0. ‡aChicks
264 1. ‡aMinneapolis, Minnesota : ‡bBearport Publishing Company, ‡c[2025]
300 . ‡a24 pages : ‡bcolor illustrations ; ‡c24 cm.
336 . ‡atext ‡btxt ‡2rdacontent
337 . ‡aunmediated ‡bn ‡2rdamedia
338 . ‡avolume ‡bnc ‡2rdacarrier
4900 . ‡aLife cycles on the farm
500 . ‡aIncludes index.
5050 . ‡aWhat is a life cycle? -- Chickens on the farm -- Laying eggs -- Inside the egg -- Time to hatch -- Chirping chicks -- Juveniles -- All grown up -- The end of life -- Life cycle of a chicken -- Glossary.
520 . ‡a"Chickens start their lives growing inside eggs. The chicks hatch and soon grow into adults. Farmers raise these animals for many reasons. Follow the life cycle journey of chickens on the farm. Cute pictures of baby animals and fun illustrations make learning about growing up on the farm fun!"-- ‡cProvided by publisher.
521 . ‡aAges 7-8 ‡bBearport Publishing Company.
650 0. ‡aChickens ‡vJuvenile literature.
650 0. ‡aChickens ‡xLife cycles ‡vJuvenile literature.
650 0. ‡aEggs
650 0. ‡aAnimals
655 7. ‡aJuvenile works
655 7. ‡aNonfiction
655 7. ‡aScience
901 . ‡a165421 ‡bAUTOGEN ‡c165421 ‡tbiblio

Additional Resources